[Event "LLO18/19"]
[Site "Mecklenburg-Vorpommern"]
[Date "2018.10.21"]
[Round "1.3"]
[White "Floegel, Thomas"]
[Black "Dupke, Andreas"]
[Result "0-1"]
[WhiteElo "1695"]
[BlackElo "1748"]
[PlyCount "94"]
[EventDate "2018.??.??"]
[EventType "team-tourn"]
[EventRounds "9"]
[EventCountry "GER"]
[WhiteTeam "Ribnitz-Damgarten"]
[BlackTeam "SG Neubrandenburg II"]
[WhiteTeamCountry "GER"]
[BlackTeamCountry "GER"]

1. d4 d5 2. c4 c6 3. Nf3 e6 4. e3 Nf6 5. Nbd2 Bd6 6. Be2 Nbd7 7. b3 e5 8. cxd5
Nxd5 9. Bb2 Qe7 10. dxe5 Nxe5 11. O-O O-O 12. Nc4 Nxc4 13. Bxc4 Nf6 14. Qc2 Bg4
15. Nd4 Qe5 16. g3 Qh5 17. h4 c5 18. Ne2 Bh3 19. Nf4 Bxf4 20. Be2 Qd5 21. e4
Qxe4 22. Qxe4 Nxe4 23. gxf4 Bxf1 24. Kxf1 Rad8 25. Bc1 Nc3 26. Bf3 b6 27. Bb2
Rd3 28. Kg2 Rfd8 29. h5 Nd1 30. Bc1 f6 31. Be2 R3d4 32. Kf3 Kf8 33. f5 Nc3 34.
Be3 Nxe2 35. Kxe2 Rh4 36. h6 g5 37. fxg6 hxg6 38. Rg1 g5 39. f4 g4 40. f5 Rh2+
41. Ke1 Re8 42. Rg3 Rh3 43. Rxg4 Rexe3+ 44. Kf2 Re7 45. Rg6 Rf7 46. Kg2 Rh5 47.
Kg3 Rxf5 0-1

[Event "LLO18/19"]
[Site "Mecklenburg-Vorpommern"]
[Date "2018.10.21"]
[Round "1.4"]
[White "Winkler, Karl"]
[Black "Dittschlag, Lothar"]
[Result "1/2-1/2"]
[WhiteElo "1759"]
[BlackElo "1630"]
[PlyCount "88"]
[EventDate "2018.??.??"]
[EventType "team-tourn"]
[EventRounds "9"]
[EventCountry "GER"]
[WhiteTeam "SG Neubrandenburg II"]
[BlackTeam "Ribnitz-Damgarten"]
[WhiteTeamCountry "GER"]
[BlackTeamCountry "GER"]

1. e4 e5 2. d4 exd4 3. Qxd4 Nc6 4. Qe3 Bb4+ 5. Nc3 Bxc3+ 6. Qxc3 Qf6 7. Bd2 d6
8. Nf3 Qxc3 9. Bxc3 f6 10. Bc4 Nge7 11. O-O-O Bd7 12. Nd4 Nxd4 13. Bxd4 Nc6 14.
Bc3 O-O-O 15. h4 Rde8 16. f3 Ne5 17. Be2 Re7 18. h5 h6 19. Rh4 Rhe8 20. g4 Nf7
21. Bf1 Ng5 22. Bg2 Bc6 23. Rhh1 Bb5 24. Rd2 Ne6 25. Bf1 Bxf1 26. Rxf1 Ng5 27.
Rd3 Rd7 28. Bd2 Rde7 29. Bxg5 fxg5 30. Kd2 Rf7 31. Ke3 Rf4 32. Rd5 Re5 33. Rfd1
Rf7 34. c4 Rf6 35. b4 Rfe6 36. c5 Rxd5 37. Rxd5 dxc5 38. Rxc5 Ra6 39. Rc2 Ra3+
40. Ke2 Kd7 41. b5 Ra5 42. Rb2 Kd6 43. Rd2+ Ke6 44. Rc2 Kd6 1/2-1/2

[Event "LLO18/19"]
[Site "Mecklenburg-Vorpommern"]
[Date "2018.10.21"]
[Round "1.5"]
[White "Klugmann, Horst"]
[Black "Rehbein, Hans Juergen"]
[Result "1/2-1/2"]
[WhiteElo "1631"]
[BlackElo "1713"]
[PlyCount "80"]
[EventDate "2018.??.??"]
[EventType "team-tourn"]
[EventRounds "9"]
[EventCountry "GER"]
[WhiteTeam "Ribnitz-Damgarten"]
[BlackTeam "SG Neubrandenburg II"]
[WhiteTeamCountry "GER"]
[BlackTeamCountry "GER"]

1. d4 g6 2. c4 Bg7 3. Nf3 Nf6 4. Nc3 O-O 5. e4 d6 6. Be2 Bg4 7. h3 Bd7 8. O-O
Qc8 9. Kh2 Na6 10. Be3 c5 11. d5 Kh8 12. Nd2 Ng8 13. f4 f5 14. exf5 gxf5 15. g4
fxg4 16. hxg4 Nh6 17. f5 Be5+ 18. Bf4 Bxf4+ 19. Rxf4 Nxf5 20. gxf5 Rxf5 21.
Rxf5 Bxf5 22. Nde4 Qf8 23. Qd2 Qg7 24. Qg5 Rg8 25. Qxg7+ Rxg7 26. Rg1 Rxg1 27.
Kxg1 Nb4 28. a3 Nc2 29. Kf2 Nd4 30. b4 cxb4 31. axb4 b6 32. Ng5 Kg7 33. Nge4
Kg6 34. Ng3 Bd7 35. Nce4 a5 36. c5 dxc5 37. bxc5 bxc5 38. Nxc5 Bb5 39. Bxb5
Nxb5 40. Nge4 Kf5 1/2-1/2

[Event "LLO18/19"]
[Site "Mecklenburg-Vorpommern"]
[Date "2018.10.21"]
[Round "1.6"]
[White "Buenz, Heinrich"]
[Black "Wehrmann, Horst"]
[Result "0-1"]
[WhiteElo "1632"]
[BlackElo "1620"]
[PlyCount "106"]
[EventDate "2018.??.??"]
[EventType "team-tourn"]
[EventRounds "9"]
[EventCountry "GER"]
[WhiteTeam "SG Neubrandenburg II"]
[BlackTeam "Ribnitz-Damgarten"]
[WhiteTeamCountry "GER"]
[BlackTeamCountry "GER"]

1. Nf3 Nc6 2. g3 d5 3. Bg2 e6 4. O-O Nf6 5. c3 Bd6 6. d3 O-O 7. Nbd2 h6 8. Nb3
Bd7 9. Bd2 Nh7 10. Qc1 Qf6 11. c4 d4 12. e3 dxe3 13. fxe3 Qg6 14. d4 f6 15. Ne1
Rab8 16. Nc2 Ng5 17. Qe1 Qxc2 18. Bc3 Qg6 19. e4 Nd8 20. a4 c6 21. Rd1 Qe8 22.
e5 fxe5 23. Rxf8+ Qxf8 24. dxe5 Bc5+ 25. Kh1 Be8 26. Nxc5 Qxc5 27. Bb4 Qxc4 28.
Bd6 Rc8 29. Be7 Ngf7 30. Qf2 Qxa4 31. Rf1 Qa5 32. Bd6 b6 33. b4 Qb5 34. Rd1
Nxd6 35. exd6 Bd7 36. Rf1 Qf5 37. Qe2 Qg6 38. Qa2 a5 39. bxa5 bxa5 40. Qxa5 Qe8
41. Bf3 c5 42. Qc3 Bc6 43. Kg2 Bxf3+ 44. Rxf3 Qc6 45. Kh3 Nf7 46. Re3 Qxd6 47.
Rd3 Qc6 48. Rd1 Ng5+ 49. Kh4 Qe4+ 50. g4 Qe2 51. Rh1 Qf2+ 52. Kh5 Qf3 53. Re1
Qxc3 0-1

[Event "LLO18/19"]
[Site "Mecklenburg-Vorpommern"]
[Date "2018.10.21"]
[Round "1.7"]
[White "Zierke, Udo"]
[Black "Peters, Hans Joachim"]
[Result "1/2-1/2"]
[WhiteElo "1624"]
[BlackElo "1592"]
[PlyCount "93"]
[EventDate "2018.??.??"]
[EventType "team-tourn"]
[EventRounds "9"]
[EventCountry "GER"]
[WhiteTeam "Ribnitz-Damgarten"]
[BlackTeam "SG Neubrandenburg II"]
[WhiteTeamCountry "GER"]
[BlackTeamCountry "GER"]

1. e4 e6 2. d4 d5 3. exd5 exd5 4. Bd3 Nc6 5. c3 Bd6 6. Qf3 Be6 7. Ne2 Qd7 8.
Bf4 Nf6 9. O-O O-O-O 10. Bxd6 Qxd6 11. Qf4 Qxf4 12. Nxf4 Rde8 13. Nd2 Bd7 14.
Rfe1 h6 15. f3 a6 16. Kf2 Nd8 17. Re5 Nc6 18. Rxe8+ Rxe8 19. Re1 Rxe1 20. Kxe1
Ne7 21. g4 g5 22. Ng2 Ne8 23. h4 f6 24. hxg5 hxg5 25. Ne3 Ng7 26. Kf2 Ne6 27.
Bc2 Nf4 28. Ng2 Nxg2 29. Kxg2 Be6 30. Kg3 Kd7 31. f4 gxf4+ 32. Kxf4 Ng8 33. Nf1
Kd6 34. Ne3 Nh6 35. Bf5 Nf7 36. Bxe6 Kxe6 37. Nf5 Ng5 38. Ng7+ Kf7 39. Nh5 Kg6
40. Kg3 Ne4+ 41. Kh4 c6 42. Nf4+ Kf7 43. Kh3 Nf2+ 44. Kg3 Ne4+ 45. Kf3 Nd2+ 46.
Ke2 Nc4 47. b3 1/2-1/2

[Event "LLO18/19"]
[Site "Mecklenburg-Vorpommern"]
[Date "2018.10.21"]
[Round "1.8"]
[White "Sommer, Hans Hermann"]
[Black "Claus, Jens"]
[Result "1-0"]
[WhiteElo "1708"]
[BlackElo "1566"]
[PlyCount "95"]
[EventDate "2018.??.??"]
[EventType "team-tourn"]
[EventRounds "9"]
[EventCountry "GER"]
[WhiteTeam "SG Neubrandenburg II"]
[BlackTeam "Ribnitz-Damgarten"]
[WhiteTeamCountry "GER"]
[BlackTeamCountry "GER"]

1. e4 e5 2. Nf3 Nc6 3. Bb5 a6 4. Bxc6 dxc6 5. O-O Bg4 6. h3 Bh5 7. d3 Qf6 8.
Be3 Bxf3 9. Qxf3 Qxf3 10. gxf3 Bd6 11. Nd2 Ne7 12. Nc4 Ng6 13. Kg2 f6 14. Nxd6+
cxd6 15. Kg3 Kf7 16. f4 exf4+ 17. Bxf4 h5 18. Bxd6 h4+ 19. Kg4 Ne5+ 20. Bxe5
fxe5 21. f4 Rae8 22. f5 Rd8 23. Rg1 c5 24. Kf3 b5 25. b3 Rde8 26. Ke3 a5 27. a4
b4 28. Rg6 Rc8 29. Rag1 Rh7 30. Kd2 Re8 31. Rc1 Rc8 32. Rg2 Rhh8 33. c3 Rc6 34.
cxb4 axb4 35. Ke3 Rd8 36. Rgc2 Rdc8 37. Kf3 R8c7 38. Rc4 g5 39. fxg6+ Kxg6 40.
R4c2 c4 41. Rg2+ Kf6 42. dxc4 Rc5 43. Ke3 R5c6 44. Rf1+ Ke6 45. Rg6+ Ke7 46.
Rg7+ Ke8 47. Rxc7 Rxc7 48. Rf5 1-0

[Event "LLO18/19"]
[Site "Mecklenburg-Vorpommern"]
[Date "2018.10.21"]
[Round "1.1"]
[White "Schamber, Dennis"]
[Black "Reinke, Thomas"]
[Result "1-0"]
[WhiteElo "1770"]
[BlackElo "1933"]
[PlyCount "63"]
[EventDate "2018.??.??"]
[EventType "team-tourn"]
[EventRounds "9"]
[EventCountry "GER"]
[WhiteTeam "Makkabi Rostock"]
[BlackTeam "Motor Wolgast"]
[WhiteTeamCountry "GER"]
[BlackTeamCountry "GER"]

1. d4 f5 2. Nf3 Nf6 3. c4 g6 4. Nc3 Bg7 5. Bg5 O-O 6. e3 d6 7. Bd3 c6 8. Qc2
Na6 9. a3 Nc7 10. O-O-O Qe8 11. d5 a6 12. e4 fxe4 13. Nxe4 Nxe4 14. Bxe4 c5 15.
Rhe1 Bf6 16. Bh6 Bg7 17. Bg5 b5 18. Rd2 Bg4 19. Nh4 Bf6 20. Bxf6 Rxf6 21. h3
Bd7 22. Rde2 Qf7 23. Bxg6 Rxg6 24. Nxg6 hxg6 25. Rxe7 Qf4+ 26. R1e3 Bf5 27. Qc3
Ne8 28. g4 Bxg4 29. hxg4 Nf6 30. cxb5 axb5 31. Kb1 Nxd5 32. Qg7# 1-0

[Event "LLO18/19"]
[Site "Mecklenburg-Vorpommern"]
[Date "2018.10.21"]
[Round "1.2"]
[White "Patzenhauer, Max"]
[Black "Markovych, Illya"]
[Result "1/2-1/2"]
[WhiteElo "1892"]
[BlackElo "1899"]
[PlyCount "53"]
[EventDate "2018.??.??"]
[EventType "team-tourn"]
[EventRounds "9"]
[EventCountry "GER"]
[WhiteTeam "Motor Wolgast"]
[BlackTeam "Makkabi Rostock"]
[WhiteTeamCountry "GER"]
[BlackTeamCountry "GER"]

1. d4 Nf6 2. Nf3 e6 3. Bg5 Be7 4. e3 O-O 5. Bd3 b6 6. Nbd2 Bb7 7. Qe2 d5 8. Ne5
Nbd7 9. Ndf3 Nxe5 10. Nxe5 Nd7 11. Bxe7 Qxe7 12. Nxd7 Qxd7 13. Qh5 g6 14. Qh6
f6 15. h4 Qg7 16. Qxg7+ Kxg7 17. Kd2 Rae8 18. c3 e5 19. a4 a6 20. b4 f5 21.
Rae1 Re7 22. f4 e4 23. Be2 h5 24. Rc1 Rd8 25. Rc2 c6 26. Rb1 b5 27. Ra2 1/2-1/2

[Event "LLO18/19"]
[Site "Mecklenburg-Vorpommern"]
[Date "2018.10.21"]
[Round "1.3"]
[White "Reznik, Leonid"]
[Black "Riebort, Frank"]
[Result "1/2-1/2"]
[WhiteElo "1879"]
[BlackElo "1870"]
[PlyCount "92"]
[EventDate "2018.??.??"]
[EventType "team-tourn"]
[EventRounds "9"]
[EventCountry "GER"]
[WhiteTeam "Makkabi Rostock"]
[BlackTeam "Motor Wolgast"]
[WhiteTeamCountry "GER"]
[BlackTeamCountry "GER"]

1. Nf3 Nf6 2. d4 g6 3. g3 Bg7 4. Bg2 d5 5. c4 c6 6. b3 O-O 7. O-O Bg4 8. Ne5
Bf5 9. Bb2 Nbd7 10. Nc3 e6 11. h3 h5 12. f3 g5 13. e4 Bh7 14. cxd5 exd5 15.
exd5 Nxe5 16. dxe5 Nxd5 17. Nxd5 cxd5 18. f4 gxf4 19. gxf4 Qh4 20. f5 Bh6 21.
Qd4 Qxd4+ 22. Bxd4 Rfd8 23. e6 fxe6 24. fxe6 Be4 25. Rae1 Bxg2 26. Kxg2 Rf8 27.
Bc5 Rxf1 28. Rxf1 Re8 29. e7 b6 30. Bb4 d4 31. Rf5 d3 32. Kf3 d2 33. Ke2 h4 34.
Rh5 Bf8 35. Rxh4 Bxe7 36. Re4 d1=Q+ 37. Kxd1 Rd8+ 38. Ke2 Bxb4 39. Rxb4 Rd7 40.
Ke3 Kf7 41. Rd4 Rc7 42. Ke4 Ke6 43. Kf4 Rc2 44. a4 Rc3 45. Re4+ Kf6 46. Re3 Rc7
1/2-1/2

[Event "LLO18/19"]
[Site "Mecklenburg-Vorpommern"]
[Date "2018.10.21"]
[Round "1.4"]
[White "Rosin, Ralf"]
[Black "Petrow, Jonas"]
[Result "0-1"]
[WhiteElo "1757"]
[BlackElo "1611"]
[PlyCount "100"]
[EventDate "2018.??.??"]
[EventType "team-tourn"]
[EventRounds "9"]
[EventCountry "GER"]
[WhiteTeam "Motor Wolgast"]
[BlackTeam "Makkabi Rostock"]
[WhiteTeamCountry "GER"]
[BlackTeamCountry "GER"]

1. d4 Nf6 2. Nf3 g6 3. c4 Bg7 4. Nc3 O-O 5. e4 d6 6. Be2 e5 7. dxe5 dxe5 8.
Qxd8 Rxd8 9. Bg5 c6 10. Rd1 Rxd1+ 11. Kxd1 h6 12. Bxf6 Bxf6 13. Kc2 Be6 14. Rd1
Nd7 15. Na4 Be7 16. Ne1 Nc5 17. Nxc5 Bxc5 18. f3 Kg7 19. g3 Kf6 20. h3 Kg5 21.
Nd3 Bd4 22. b3 Kf6 23. h4 Ke7 24. f4 f6 25. g4 g5 26. f5 Bf7 27. h5 a5 28. Ne1
a4 29. b4 b5 30. Nf3 Bf2 31. Kc3 Rc8 32. cxb5 Bxa2 33. Kb2 Bb3 34. Rc1 c5 35.
b6 c4 36. b7 Rb8 37. Bxc4 Rxb7 38. Bxb3 Rxb4 39. Rc3 Bd4 40. Nxd4 exd4 41. Rc7+
Kd6 42. Rf7 Rxb3+ 43. Ka2 Ke5 44. Re7+ Kf4 45. e5 fxe5 46. f6 Kxg4 47. Rxe5 Rf3
48. Re4+ Kxh5 49. Rxd4 Rxf6 50. Rxa4 g4 0-1

[Event "LLO18/19"]
[Site "Mecklenburg-Vorpommern"]
[Date "2018.10.21"]
[Round "1.5"]
[White "Roeste, Stein"]
[Black "Klotzsche, Stefan"]
[Result "1/2-1/2"]
[WhiteElo "1538"]
[BlackElo "1720"]
[PlyCount "60"]
[EventDate "2018.??.??"]
[EventType "team-tourn"]
[EventRounds "9"]
[EventCountry "GER"]
[WhiteTeam "Makkabi Rostock"]
[BlackTeam "Motor Wolgast"]
[WhiteTeamCountry "GER"]
[BlackTeamCountry "GER"]

1. d4 Nf6 2. c4 g6 3. Nc3 Bg7 4. e4 d6 5. f3 O-O 6. Be3 Nbd7 7. Qd2 e5 8. d5 a5
9. a4 b6 10. g4 Nc5 11. Bxc5 bxc5 12. h4 h5 13. g5 Nh7 14. O-O-O f6 15. gxf6
Nxf6 16. Bh3 Kh7 17. Qg2 Bh6+ 18. Kb1 Rb8 19. Bxc8 Qxc8 20. Nh3 Nd7 21. Nb5 Nf6
22. Rdf1 Qd7 23. Ng5+ Bxg5 24. Qxg5 Rf7 25. Rhg1 Rg8 26. Ka2 Qd8 27. b3 Qf8 28.
Qc1 Qh6 29. Rg5 Qf8 30. Rgg1 Ne8 1/2-1/2

[Event "LLO18/19"]
[Site "Mecklenburg-Vorpommern"]
[Date "2018.10.21"]
[Round "1.6"]
[White "Schellner, Ulf"]
[Black "Langer, Robert"]
[Result "1-0"]
[WhiteElo "1647"]
[BlackElo "1505"]
[PlyCount "69"]
[EventDate "2018.??.??"]
[EventType "team-tourn"]
[EventRounds "9"]
[EventCountry "GER"]
[WhiteTeam "Motor Wolgast"]
[BlackTeam "Makkabi Rostock"]
[WhiteTeamCountry "GER"]
[BlackTeamCountry "GER"]

1. d4 Nf6 2. c4 e5 3. dxe5 Ng4 4. Nf3 Bc5 5. e3 Nc6 6. Be2 Ngxe5 7. Nxe5 Nxe5
8. Nd2 O-O 9. O-O b6 10. Nf3 Ng6 11. a3 Bb7 12. b4 Bd6 13. Bb2 Nh4 14. Qd4 Nf5
15. Qd3 Nh6 16. Rfd1 Ng4 17. Qd4 Qf6 18. Qxf6 Nxf6 19. Rac1 Rab8 20. Bxf6 gxf6
21. Nd4 Be5 22. f4 c5 23. fxe5 cxd4 24. Rxd4 fxe5 25. Rxd7 Rfe8 26. Bh5 Rf8 27.
Rf1 Ba6 28. Bxf7+ Rxf7 29. Rfxf7 Bxc4 30. Rg7+ Kf8 31. Rxh7 a5 32. Rh8+ Bg8 33.
h4 axb4 34. axb4 Rc8 35. Rb7 1-0

[Event "LLO18/19"]
[Site "Mecklenburg-Vorpommern"]
[Date "2018.10.21"]
[Round "1.7"]
[White "Tovmasyan, Minas"]
[Black "Zimmermann, Frank"]
[Result "1-0"]
[WhiteElo "1518"]
[BlackElo "1602"]
[PlyCount "67"]
[EventDate "2018.??.??"]
[EventType "team-tourn"]
[EventRounds "9"]
[EventCountry "GER"]
[WhiteTeam "Makkabi Rostock"]
[BlackTeam "Motor Wolgast"]
[WhiteTeamCountry "GER"]
[BlackTeamCountry "GER"]

1. d4 d5 2. c4 e6 3. Nc3 Nf6 4. Nf3 Be7 5. Bf4 O-O 6. c5 Bd7 7. e3 a6 8. Bd3 b5
9. b4 a5 10. a3 c6 11. O-O a4 12. h3 Ra7 13. Qc2 g6 14. Rfe1 Na6 15. Rad1 Nc7
16. Ne5 Nh5 17. Bh6 Ng7 18. e4 dxe4 19. Bxe4 Nd5 20. Nxd5 exd5 21. Bd3 Bf6 22.
Bf4 Re8 23. Qd2 Ne6 24. Bb1 Nxf4 25. Qxf4 Bxe5 26. Rxe5 Be6 27. Rde1 Rae7 28.
Qf6 Rd7 29. Qf4 Kg7 30. Bc2 Qf6 31. Qxf6+ Kxf6 32. Bd1 Rde7 33. g4 Bd7 34. g5+
1-0

[Event "LLO18/19"]
[Site "Mecklenburg-Vorpommern"]
[Date "2018.10.21"]
[Round "1.8"]
[White "Jasinski, Viktor"]
[Black "Roeste, Hugo"]
[Result "0-1"]
[WhiteElo "1474"]
[BlackElo "1439"]
[PlyCount "38"]
[EventDate "2018.??.??"]
[EventType "team-tourn"]
[EventRounds "9"]
[EventCountry "GER"]
[WhiteTeam "Motor Wolgast"]
[BlackTeam "Makkabi Rostock"]
[WhiteTeamCountry "GER"]
[BlackTeamCountry "GER"]

1. d4 d5 2. Nf3 c6 3. c4 Nf6 4. e3 Bg4 5. Be2 Nbd7 6. Nc3 a6 7. O-O b5 8. cxd5
cxd5 9. h3 Bh5 10. b4 e6 11. a3 Bd6 12. Bb2 O-O 13. Qd2 Nb6 14. Qe1 Nc4 15. Ra2
Rc8 16. Nd2 Nxb2 17. Rxb2 Rxc3 18. Bxh5 Nxh5 19. Nb3 Rc7 0-1

[Event "LLO18/19"]
[Site "Mecklenburg-Vorpommern"]
[Date "2018.11.11"]
[Round "2.1"]
[White "Schamber, Dennis"]
[Black "Greinert, Timo"]
[Result "0-1"]
[WhiteElo "1770"]
[BlackElo "1827"]
[PlyCount "50"]
[EventDate "2018.??.??"]
[EventType "team-tourn"]
[EventRounds "9"]
[EventCountry "GER"]
[WhiteTeam "Makkabi Rostock"]
[BlackTeam "SAV Torgelow II"]
[WhiteTeamCountry "GER"]
[BlackTeamCountry "GER"]

1. d4 d5 2. c4 c6 3. Nf3 Nf6 4. Nc3 e6 5. Bf4 dxc4 6. a4 Bb4 7. Bd2 Bxc3 8.
Bxc3 b5 9. Ne5 Bb7 10. e3 Nbd7 11. Nf3 O-O 12. b3 Nd5 13. Qd2 N7f6 14. bxc4 Ne4
15. Ba5 Nxd2 16. Bxd8 Nxf3+ 17. gxf3 Raxd8 18. cxd5 Rxd5 19. Bd3 a5 20. e4 Rxd4
21. Ke2 Rfd8 22. Rhd1 b4 23. Rac1 Rxd3 24. Rxd3 Ba6 25. Ra1 Rxd3 0-1

[Event "LLO18/19"]
[Site "Mecklenburg-Vorpommern"]
[Date "2018.11.11"]
[Round "2.2"]
[White "Kilp, Gunnar"]
[Black "Markovych, Illya"]
[Result "0-1"]
[WhiteElo "1677"]
[BlackElo "1899"]
[PlyCount "61"]
[EventDate "2018.??.??"]
[EventType "team-tourn"]
[EventRounds "9"]
[EventCountry "GER"]
[WhiteTeam "SAV Torgelow II"]
[BlackTeam "Makkabi Rostock"]
[WhiteTeamCountry "GER"]
[BlackTeamCountry "GER"]

1. d4 Nf6 2. Nf3 g6 3. Bf4 Bg7 4. e3 O-O 5. Bc4 d6 6. O-O Nbd7 7. Nbd2 c6 8. c3
b5 9. Bb3 Bb7 10. a4 a6 11. axb5 axb5 12. Qc2 c5 13. dxc5 dxc5 14. c4 b4 15.
Ba4 Nb6 16. Bb5 Nfd7 17. Rfd1 e5 18. Bg3 f5 19. Rxa8 Bxa8 20. Bh4 Qc7 21. Nb3
Re8 22. Qd2 Bc6 23. Bxc6 Qxc6 24. Na5 Qa8 25. Ra1 e4 26. Ne1 Ne5 27. Nc2 Nd3
28. Nb3 Qc6 29. Na5 Qe6 30. Rb1 Bxb2 31. Ne1 0-1

[Event "LLO18/19"]
[Site "Mecklenburg-Vorpommern"]
[Date "2018.11.11"]
[Round "2.3"]
[White "Reznik, Leonid"]
[Black "Kilp, Andreas"]
[Result "1-0"]
[WhiteElo "1879"]
[BlackElo "1683"]
[PlyCount "39"]
[EventDate "2018.??.??"]
[EventType "team-tourn"]
[EventRounds "9"]
[EventCountry "GER"]
[WhiteTeam "Makkabi Rostock"]
[BlackTeam "SAV Torgelow II"]
[WhiteTeamCountry "GER"]
[BlackTeamCountry "GER"]

1. d4 d5 2. c4 e6 3. Nf3 Nf6 4. Nc3 Be7 5. Bf4 a6 6. e3 b6 7. Bd3 Bb7 8. Rc1
O-O 9. cxd5 Nxd5 10. Nxd5 Qxd5 11. Rxc7 Bb4+ 12. Kf1 Ra7 13. Qb3 Qxb3 14. axb3
f5 15. Bc4 Re8 16. Ng5 a5 17. Be5 Bf8 18. Nxe6 Kh8 19. Nxf8 Rxe5 20. Rf7 1-0

[Event "LLO18/19"]
[Site "Mecklenburg-Vorpommern"]
[Date "2018.11.11"]
[Round "2.4"]
[White "Schmidt, Paul1"]
[Black "Petrow, Jonas"]
[Result "0-1"]
[WhiteElo "1704"]
[BlackElo "1611"]
[PlyCount "88"]
[EventDate "2018.??.??"]
[EventType "team-tourn"]
[EventRounds "9"]
[EventCountry "GER"]
[WhiteTeam "SAV Torgelow II"]
[BlackTeam "Makkabi Rostock"]
[WhiteTeamCountry "GER"]
[BlackTeamCountry "GER"]

1. e4 c5 2. Nf3 e6 3. d4 cxd4 4. Nxd4 a6 5. Nc3 Qc7 6. Be3 Nf6 7. a3 Be7 8. f4
d6 9. Bd3 b5 10. g4 Nc6 11. Qf3 Nxd4 12. Bxd4 e5 13. Be3 Nxg4 14. Nd5 Bh4+ 15.
Kd2 Qc6 16. Bb6 Rb8 17. f5 Nf6 18. Nc7+ Ke7 19. Ba5 Bg5+ 20. Ke2 Rb7 21. Nd5+
Nxd5 22. exd5 Qc5 23. Rhg1 h6 24. Raf1 f6 25. h4 Bxh4 26. Rxg7+ Kf8 27. Bb4
Qxb4 28. axb4 Rxg7 29. c4 bxc4 30. Bxc4 Rg3 31. Qe4 Bg5 32. Kd1 h5 33. Rf3 Rg4
34. Qe2 Bd7 35. Bxa6 Rg1+ 36. Rf1 Ba4+ 37. Ke1 Rg3 38. Rf3 h4 39. Rxg3 hxg3 40.
Qg2 Bf4 41. Qf3 Rh2 42. b3 Bxb3 43. Qxb3 Rh1+ 44. Ke2 g2 0-1

[Event "LLO18/19"]
[Site "Mecklenburg-Vorpommern"]
[Date "2018.11.11"]
[Round "2.5"]
[White "Roeste, Stein"]
[Black "Schmekel, Felix"]
[Result "0-1"]
[WhiteElo "1538"]
[BlackElo "1649"]
[PlyCount "120"]
[EventDate "2018.??.??"]
[EventType "team-tourn"]
[EventRounds "9"]
[EventCountry "GER"]
[WhiteTeam "Makkabi Rostock"]
[BlackTeam "SAV Torgelow II"]
[WhiteTeamCountry "GER"]
[BlackTeamCountry "GER"]

1. d4 g6 2. c4 Bg7 3. Nc3 d6 4. e4 Nd7 5. f3 e5 6. d5 Ne7 7. Be3 f5 8. g3 Nf6
9. Qd2 fxe4 10. fxe4 Ng4 11. O-O-O Rf8 12. Be2 Nxe3 13. Qxe3 Ng8 14. Kb1 Bh6
15. Qd3 Bd7 16. Nf3 a6 17. Nd2 Qe7 18. h4 O-O-O 19. g4 Bf4 20. g5 Rf7 21. Rhg1
Rdf8 22. Bg4 Bxd2 23. Bxd7+ Qxd7 24. Qxd2 Rf2 25. Qd3 Kb8 26. Qg3 R8f4 27. Rde1
R2f3 28. Qg2 Qh3 29. Na4 Qxg2 30. Rxg2 Rxh4 31. c5 Rff4 32. cxd6 cxd6 33. Rc1
Rxe4 34. Nb6 Ne7 35. Rgc2 Ref4 36. Nd7+ Ka7 37. Nf6 Rd4 38. Rc7 Nxd5 39. Rd7
Nb6 40. Rxh7 Rxh7 41. Nxh7 Nd5 42. Rc8 Rh4 43. Nf6 Nxf6 44. gxf6 Rf4 45. Rf8 g5
46. f7 g4 47. Rd8 Rxf7 48. Rxd6 Rg7 49. Rd2 g3 50. Rg2 Kb6 51. Kc2 Kc5 52. Kd3
Kd5 53. b3 Rg4 54. Ke3 e4 55. a3 Ke5 56. Rg1 g2 57. Kf2 Kf4 58. b4 e3+ 59. Ke2
Rg3 60. a4 Kg4 0-1

[Event "LLO18/19"]
[Site "Mecklenburg-Vorpommern"]
[Date "2018.11.11"]
[Round "2.7"]
[White "Roeste, Hugo"]
[Black "Schmekel, Matthias"]
[Result "0-1"]
[WhiteElo "1439"]
[BlackElo "1588"]
[PlyCount "74"]
[EventDate "2018.??.??"]
[EventType "team-tourn"]
[EventRounds "9"]
[EventCountry "GER"]
[WhiteTeam "Makkabi Rostock"]
[BlackTeam "SAV Torgelow II"]
[WhiteTeamCountry "GER"]
[BlackTeamCountry "GER"]

1. d4 f5 2. Bg5 g6 3. f3 Bg7 4. e4 d6 5. Bc4 c6 6. Bxg8 Rxg8 7. Nc3 Qb6 8. Nge2
Na6 9. b3 fxe4 10. Nxe4 Bd7 11. O-O h6 12. Be3 O-O-O 13. Qd2 d5 14. Rac1 dxe4
15. fxe4 Qc7 16. c4 Bg4 17. Ng3 Qb6 18. d5 Qb4 19. Qd3 Nc5 20. Bxc5 Qxc5+ 21.
Kh1 Kb8 22. Rce1 Bd4 23. h3 Bc8 24. Qd2 Be5 25. Ne2 g5 26. Rc1 e6 27. b4 Qe7
28. a4 exd5 29. exd5 cxd5 30. c5 g4 31. Qxh6 gxh3 32. gxh3 Rh8 33. Qd2 Rxh3+
34. Kg2 Rg8+ 35. Kf2 Qh4+ 36. Ng3 Qxg3+ 37. Ke2 Bg4+ 0-1

[Event "LLO18/19"]
[Site "Mecklenburg-Vorpommern"]
[Date "2018.11.11"]
[Round "2.8"]
[White "Wolfgramm, Theo"]
[Black "Djanaschwili, Nodar"]
[Result "1-0"]
[WhiteElo "1648"]
[BlackElo "1257"]
[PlyCount "71"]
[EventDate "2018.??.??"]
[EventType "team-tourn"]
[EventRounds "9"]
[EventCountry "GER"]
[WhiteTeam "SAV Torgelow II"]
[BlackTeam "Makkabi Rostock"]
[WhiteTeamCountry "GER"]
[BlackTeamCountry "GER"]

1. e4 c5 2. Nf3 Nf6 3. c3 d6 4. d4 cxd4 5. cxd4 Nc6 6. Nc3 g6 7. Be3 Bg7 8. h3
O-O 9. Qd2 a6 10. a3 e5 11. Rd1 exd4 12. Nxd4 d5 13. Nxc6 bxc6 14. exd5 cxd5
15. Bg5 Qb6 16. Bxf6 Qxf6 17. Qxd5 Rb8 18. Rd2 Bh6 19. Re2 Rxb2 20. Rxb2 Qxc3+
21. Rd2 Bxd2+ 22. Qxd2 Qxa3 23. Be2 Re8 24. O-O Bxh3 25. gxh3 Qxh3 26. Rb1 Re4
27. Rb8+ Kg7 28. Qb2+ Kh6 29. Qc1+ Kg7 30. Qd2 Re5 31. Qd4 f6 32. Rb7+ Kh6 33.
f3 Rxe2 34. Qf4+ g5 35. Qxf6+ Kh5 36. Rxh7# 1-0

[Event "LLO18/19"]
[Site "Mecklenburg-Vorpommern"]
[Date "2018.11.11"]
[Round "2.1"]
[White "Windjaeger, Gerd"]
[Black "Morejko, Wojciech"]
[Result "1/2-1/2"]
[WhiteElo "1935"]
[BlackElo "1737"]
[PlyCount "34"]
[EventDate "2018.??.??"]
[EventType "team-tourn"]
[EventRounds "9"]
[EventCountry "GER"]
[WhiteTeam "Motor Wolgast"]
[BlackTeam "Ribnitz-Damgarten"]
[WhiteTeamCountry "GER"]
[BlackTeamCountry "GER"]

1. d4 Nf6 2. Nf3 g6 3. Nc3 Bg7 4. e4 d6 5. Bc4 O-O 6. h3 Nc6 7. Be3 e5 8. dxe5
Nxe5 9. Nxe5 dxe5 10. O-O Qe7 11. Bg5 c6 12. Qf3 Be6 13. Bb3 Bxb3 14. axb3 Rfd8
15. Qe3 a6 16. Rfd1 Rxd1+ 17. Nxd1 Qd8 1/2-1/2

[Event "LLO18/19"]
[Site "Mecklenburg-Vorpommern"]
[Date "2018.11.11"]
[Round "2.2"]
[White "Eckermann, Klaus"]
[Black "Reinke, Thomas"]
[Result "1/2-1/2"]
[WhiteElo "1743"]
[BlackElo "1933"]
[PlyCount "52"]
[EventDate "2018.??.??"]
[EventType "team-tourn"]
[EventRounds "9"]
[EventCountry "GER"]
[WhiteTeam "Ribnitz-Damgarten"]
[BlackTeam "Motor Wolgast"]
[WhiteTeamCountry "GER"]
[BlackTeamCountry "GER"]

1. e4 e6 2. d4 d5 3. exd5 exd5 4. Bd3 Bd6 5. Ne2 Ne7 6. Bf4 Bxf4 7. Nxf4 Qd6 8.
Ne2 Bg4 9. f3 Bh5 10. O-O Nd7 11. Re1 O-O-O 12. Nd2 g5 13. Ng3 Bg6 14. Ndf1 Nc6
15. c3 Rde8 16. Qd2 Nd8 17. Bxg6 $11 Qxg6 18. Rxe8 Rxe8 19. Re1 Rxe1 20. Qxe1
Qe6 21. Qe3 Qxe3+ 22. Nxe3 c6 23. Ngf5 Kc7 24. Kf2 Ne6 25. g3 a5 26. Ke2 b5
1/2-1/2